Mundialización del hambre /
محفوظ في:
| المؤلف الرئيسي: | |
|---|---|
| التنسيق: | نص |
| اللغة: | Spanish |
| الموضوعات: | |
| الوسوم: |
إضافة وسم
لا توجد وسوم, كن أول من يضع وسما على هذه التسجيلة!
|
MARC
| LEADER | 00000 a a2200000 04500 | ||
|---|---|---|---|
| 001 | 311 | ||
| 003 | cru CIDCACS/IIS | ||
| 005 | 20230328134543.0 | ||
| 008 | 230328b |||||||| |||| 00| 0 spa d | ||
| 040 | |c cru CIDCACS/IIS | ||
| 100 | |a Tamayo G., Eduardo | ||
| 245 | |a Mundialización del hambre / |c Eduardo Tamayo G. | ||
| 650 | |a HAMBRE | ||
| 650 | |a DESASTRES NATURALES | ||
| 773 | |g volumen 23, número 295; páginas 23-24 | ||
| 773 | 0 | |0 42391 |9 3508 |a Agencia Latinoamericana de Información, ALAI |d Quito, Ecuador: ALAI |o 08385 |t ALAI: |x 08275564 | |
| 942 | |2 ddc |c PP | ||
| 999 | |c 23408 |d 23408 | ||
